LEADER 01173nam--2200361---450- 001 990003464460203316 005 20101104130506.0 010 $a978-88-6081-683-2 035 $a000346446 035 $aUSA01000346446 035 $a(ALEPH)000346446USA01 035 $a000346446 100 $a20101104d2010----km-y0itay50------ba 101 $aita 102 $aIT 105 $a||||||||001yy 200 1 $a<> mediazione educativa familiare$euna risorsa formativa per le famiglie separate, divorziate e ricostituite$fChiara Sirignano 210 $aRoma$cArmando$d2010 215 $a143 p.$d20 cm 225 2 $a<> problemi dell'educazione$iAggiornamenti 410 0$12001$a<> problemi dell'educazione$iAggiornamenti 606 0 $aFamiglia$xAssistenza$yItalia$2BNCF 676 $a362.828 700 1$aSIRIGNANO,$bChiara$0523999 801 0$aIT$bsalbc$gISBD 912 $a990003464460203316 951 $aII.4. 3926$b226898 L.M.$cII.4.$d00283952 959 $aBK 969 $aUMA 979 $aMARTUCCIEL$b90$c20101104$lUSA01$h1302 979 $aMARTUCCIEL$b90$c20101104$lUSA01$h1305 996 $aMediazione educativa familiare$91111934 997 $aUNISA LEADER 01525nam2-2200421li-450 001 990000192110203316 005 20180312154633.0 010 $a88-371-0669-6 035 $a0019211 035 $aUSA010019211 035 $a(ALEPH)000019211USA01 035 $a0019211 100 $a2001996031993-------y0itay0103----ba 101 0 $aita 102 $aIT 200 1 $aIdentificazione, filtraggio, controllo predittivo$eraccolta completa di temi d'esame risolti del corso Identificazione dei modelli e analisi dei dati tenuto al Politecnico di Milano$fSergio Bittanti, Marco Campi 210 $aBologna$cPitagora Editrice$dcopyr. 1993 215 $a161 p.$cill.$d24 cm 225 2 $a<> esercizi di Pitagora$v24 410 0$10010019209$12001$a<> esercizi di Pitagora$ecollana di esercitazioni di matematica 610 1 $aprobabilita' 610 1 $aprocessi stocastici 676 $a5192$9Probabilità 700 1$aBittanti,$bSergio$09717 702 1$aCAMPI,$bMarco 801 $aSistema bibliotecario di Ateneo dell' Università di Salerno$gRICA 912 $a990000192110203316 951 $a519.2 BIT$b18529/CBS$c519.2$d00219519 959 $aBK 969 $aSCI 979 $c19960326 979 $c20001110$lUSA01$h1713 979 $c20020403$lUSA01$h1627 979 $aPATRY$b90$c20040406$lUSA01$h1614 979 $aFIORELLA$b90$c20070619$lUSA01$h1104 979 $aRSIAV6$b90$c20090525$lUSA01$h1251 996 $aIdentificazione, filtraggio, controllo predittivo$91489538 997 $aUNISA